Cambridge women : twelve portraits
Αποθηκεύτηκε σε:
| Άλλοι συγγραφείς: | , |
|---|---|
| Μορφή: | Βιβλίο |
| Γλώσσα: | English |
| Δημοσίευση: |
Cambridge :
Cambridge University Press,
c1996
|
| Θέματα: | |
| Ετικέτες: |
Προσθήκη ετικέτας
Δεν υπάρχουν, Καταχωρήστε ετικέτα πρώτοι!
|
MARC
| LEADER | 00000nam a2200000 i 4500 | ||
|---|---|---|---|
| 001 | 1/64870 | ||
| 008 | 990107s1996 eng d | ||
| 020 | |a 0-521-48344-1 | ||
| 035 | |l 10047038 | ||
| 040 | |a GR-MY-UA |b gre |e aacr | ||
| 041 | 0 | |a eng | |
| 082 | 0 | |a 920.720942659 | |
| 245 | 1 | 0 | |a Cambridge women : |b twelve portraits / |c Edited by Edward Shils and Carmen Blacker |
| 260 | |a Cambridge : |b Cambridge University Press, |c c1996 | ||
| 300 | |a 292 p. | ||
| 650 | 0 | 0 | |a Women intellectuals |z England |z Cambridge |x Biography. |
| 650 | 0 | 0 | |a Women scholars |z England |z Cambridge |x Biography. |
| 651 | 0 | |a Cambridge (England) |x Biography. | |
| 700 | 1 | |a Shils, Edward |d 1910-1995. |4 edt | |
| 700 | 1 | |a Blacker, Carmen. |4 edt | |
| 852 | |a INST |b LESVOS |e 19990107 |h 920.720942659 CAM |p 005100017196 |q 005100017196 |t BK |y 0 | ||
| 901 | |a BIBL-1999-1 | ||
| 909 | |a Λ |b 061419 | ||
| 922 | |a 1ΕΛΗ |b 199811 |c ΚΠΣ/ΤΚ |d ΠΑΠΑΣΩΤΗΡΙΟΥ | ||
| 950 | |a 103-1998-07-27 | ||